| 000 | 00488cam a2200193ua 4500 | ||
|---|---|---|---|
| 020 | _c17.75 | ||
| 041 |
_aeng _h |
||
| 082 |
_a621.3 _bFIT/BA |
||
| 100 | _aFitzgerald, . | ||
| 245 |
_aBasic electrical engineering / _cFitzgerald. _hTextual Documents |
||
| 250 |
_a1 / _b. |
||
| 260 |
_aNew York : _bMcGraw Hill Book Company , _c1957. |
||
| 300 | _a540 ; . | ||
| 365 | _a17.75 | ||
| 504 | _a | ||
| 700 | 1 | _aHigginbotham, David E . | |
| 942 | _cBK | ||
| 999 |
_c10256 _d10256 |
||